Flags of French-Speaking Countries - Sudden Death - Statistics

General Stats
  • This quiz has been taken 38 times
  • The average score is 8 of 15
Answers on the Grid
Answers color-coded by a green-red scale on the quiz's grid according to % correct below.
 
Answer Stats
Answer % Correct
90%
77%
70%
57%
53%
53%
50%
50%
47%
47%
47%
43%
33%
30%
27%
No matching quizzes found
Score Distribution
Percent of People with Each Score
Percentile by Number Answered
Your Score History
You have not taken this quiz